00623nam a22002057a 450000500170000001000150001702000260003203500140005803700130007208200060008510000170009124500320010826000330014027000550017330000220022865000120025094200200026299900190028295201160030120180713145322.0 aENG-123514 a9789387164239c250.00 aEN-107046 bDBAD/PUB aN aBarrie, J.M. aPeter pan /cby J.M. Barrie aNew DelhibTalking Cubc2017 a4381/4 Ansari Road, Daryaganj,bNew Delhie110002 ax, 204p.c19(pbk) aFiction 2ddccENhNmBAR c153968d153968 001040718FICaDBADbLd2018-07-13eDBAD/PUBg250.00l0oN BARpEN-107046r2018-07-13 00:00:00t1v250.00yEN